000 00616nam a22002052 4500
001 0000006166
005 20151217145830.0
008 070921s xx 000 0 eng d
020 _a007058916X :
_cKES 885
040 _aKABU
_cKABU
100 1 _aMetz, Clyde R.
_@0000082411
245 1 0 _aSchaum's outline of theory and problems of physical chemistry.
250 _a2nd ed.
260 _aNew Delhi :
_bTata McGraw-Hill,
_c1989.
300 _a500 p.
650 0 _aChemistry, Physical and theoretical.
_@0000154243
908 _a070921
950 _@1
999 _c3066
_d3066